[Event "Moscow Aeroflot op-A"]
[Site "Moscow"]
[Date "2003.02.18"]
[Round "8"]
[White "Hillarp Persson, Tiger"]
[Black "Ramirez Alvarez, Alejandro"]
[Result "0-1"]
[WhiteElo "2482"]
[BlackElo "2413"]
[Annotator "Stohl,I"]
[PlyCount "92"]
[EventDate "2003.02.10"]
[EventType "swiss"]
[EventRounds "9"]
[EventCountry "RUS"]
[SourceTitle "CBM 094"]
[Source "ChessBase"]
[SourceDate "2003.05.26"]
[SourceVersion "1"]
[SourceVersionDate "2003.05.26"]
[SourceQuality "1"]

1. d4 Nf6 2. c4 c5 3. d5 b5 4. Nf3 b4 {This move has a bad reputation, as
Black somewhat prematurely resolves the tension. But on the other hand he
takes away the best square for the Nb1 and gains space on the <<. If White
wants to get something tangible out of the opening, he must act very
energetically.} 5. g3 {Already this is a rather lame move. As indicated, White
should do something more concrete than just develop his pieces, thus stronger
moves are} (5. Nbd2 g6 6. e4 d6 (6... Bg7 7. e5 $5 Ng4 8. Ne4 Nxe5 9. Nxe5 Bxe5
10. Nxc5 $14) 7. a3 Bg7 $5 (7... a5 $2 8. axb4 cxb4 9. c5 $1 dxc5 10. Bb5+ Bd7
11. Bc4 $40) 8. axb4 cxb4 9. Qa4+ Nfd7 10. Qxb4 Na6 $44) ({or the immediate} 5.
a3 Na6 (5... g6 $5 6. Nbd2 {can transpose into 5.Nbd2}) 6. axb4 Nxb4 $6 (6...
cxb4 $5 7. Be3 Qc7 8. Nbd2 Nc5 9. Nd4 $1 $14) 7. Nc3 d6 8. e4 g6 9. Be2 Bg7 10.
O-O O-O 11. Bf4 Bg4 12. h3 Bxf3 13. Bxf3 Nd7 14. Qd2 Re8 15. Ra3 Qb6 16. Bg4
Ne5 17. Be2 Reb8 18. h4 Rb7 19. h5 $36 {Sokolov,I-Georgiev,K/Sarajevo/1998/})
5... g6 6. Bg2 Bg7 7. a3 (7. Nbd2 O-O 8. O-O a5 9. e4 d6 10. e5 (10. Re1 e5 $11
) 10... dxe5 (10... Ng4 $142 $5 $11) 11. Nxe5 Nfd7 12. Nd3 a4 13. Rb1 Ra5 14.
Ne4 Ne5 15. Nxe5 Bxe5 16. Bh6 Re8 17. Re1 Bf5 18. g4 Bxe4 19. Rxe4 Nd7 20. Qe2
Qc7 21. h4 Bh2+ 22. Kf1 Nf6 23. Re3 Bf4 $132 {Miralles,G-Fedorowicz,J/Cannes/
1987/}) 7... O-O 8. O-O a5 9. axb4 cxb4 $13 10. Nd4 $146 (10. Nbd2 Bb7 (10...
d6 11. Nd4 Bd7 $5 {/\Na6-c5}) 11. Qa4 Qc7 12. Nd4 d6 13. Nb5 Qc8 14. Nb3 Qxc4
15. Nxa5 Qxe2 16. Nc7 Nbd7 17. Nxa8 Rxa8 18. Qxb4 Bxd5 19. Bxd5 Nxd5 20. Qb7
N7b6 21. Ra3 Rc8 22. Nc6 Bf8 23. Na7 Rc7 24. Qb8 Nd7 $44 {Sadler,M-Adams,M/
London/1993/}) (10. Re1 Ne4 11. Nd4 Nc5 12. Be3 d6 13. Nd2 Bd7 14. N2f3 a4 15.
Qd2 Nba6 16. Bh6 Ne4 17. Qe3 Nac5 18. Bxg7 Kxg7 19. Nh4 Nf6 20. Qd2 {Lehmann,
Z-Claesen,J/Rotterdam/1998/} Qb6 $15) (10. d6 Bb7 11. Bf4 Ne4 12. dxe7 Qxe7 13.
Ra2 d5 $1 $36) (10. c5 Bb7 {[%csl Rc5,Rd5] ה}) 10... Bb7 11. h3 (11. e4 $142
d6 12. Be3 Nbd7 13. Nd2 Nc5 14. f4 $13) 11... Qc8 $1 12. b3 d6 13. Be3 Nbd7 14.
Nd2 (14. Nc6 $6 Bxc6 15. dxc6 Ne5 16. c7 Ra6 $15) 14... Nc5 15. Ra2 Ra6 16. Qc2
e6 $5 {[%csl Gc5] White has played rather passively and Black already wants to
break up the [+] and take over the initiative. Especially strong is the
unassailable Nc5.} 17. dxe6 $6 (17. Nc6 $142 Qc7 (17... Bxc6 18. dxc6 $36 {
[%csl Gc6] o^c6}) 18. Bd4 (18. Bxc5 dxc5 {[%cal Rf6d5] /\Nd5}) 18... exd5 19.
Bxf6 Bxf6 20. cxd5 $13) (17. Nb5 exd5 18. cxd5 Nxd5 19. Nxd6 Nxe3 20. Nxc8 Nxc2
21. Ne7+ Kh8 22. Rxc2 Bxg2 23. Kxg2 Ne6 $15) 17... fxe6 $36 {[%csl Gd6,Ge6] [+]
} 18. Rfa1 (18. Nb5 $5 Bxg2 19. Kxg2 Nfd7 20. Bd4 $15) 18... Bxg2 19. Kxg2 Nfd7
20. f3 (20. Rxa5 $4 Qa8+ $19) 20... Qa8 21. g4 Rc8 22. h4 d5 $17 {With White's
R on the <->a a central break is very unpleasant.} 23. h5 (23. cxd5 $2 Qxd5 24.
Qb2 $8 e5 $1 (24... Rd6 25. Nc4 $17) 25. Nc2 e4 26. Bd4 Rd6 $1 $40) 23... e5 $1
{[%mdl 128] Now Black shifts his attention to White's K, his attack against
the deserted >> will quickly become very dangerous.} 24. Nb5 d4 25. Bf2 Nf6 $6
{Leads to a rather murky position.} (25... gxh5 $142 $1 26. gxh5 Kh8 $17) 26.
hxg6 (26. Kh2 Bh6 $1 $36) 26... Nxg4 (26... hxg6 27. Qxg6 Nd5 $13) 27. gxh7+
Kh8 28. Qf5 (28. Ne4 Rg6 29. Ng3 d3 $5 30. exd3 Rf8 $40) 28... Nxf2 29. Kxf2
Rf8 30. Qg4 Rf7 (30... Qd8 31. Rg1 Bh6 32. Ke1 $132) 31. Qh5 Re7 32. Rg1 (32.
Nxd4 $2 Qa7 $1 $19) 32... Qf8 33. Ke1 Qf4 34. Kd1 (34. Qh3 $142 Rd7 $15) 34...
Bh6 $2 (34... Nxb3 $1 $17 {/\} 35. Nxb3 Qe3 $19) 35. Qh3 Ne6 36. Rg4 Qe3 37.
Rg6 (37. Re4 Qg1+ 38. Qf1 (38. Kc2 d3+ $5 39. exd3 Bxd2 $19 {/\} 40. Kxd2 Qf2+
41. Re2 Qxe2+ $1 42. Kxe2 Nf4+) 38... Qxf1+ 39. Nxf1 Nc5 $17) (37. Qg2 $5 Rg7
$15 (37... Nf4 $4 38. Rxf4 $1 $18)) 37... Kxh7 38. Qf5 $2 (38. Rg3 a4 $1 $40)
38... Ng7 $1 $19 {Black can ignore the discovered check, this nice move wins
an exchange and the game.} 39. Rxh6+ (39. Rxg7+ Kxg7 {[%cal Re3g1,Rg1e1] /
\Qg1-e1-+}) 39... Kxh6 40. Qf8 (40. Qc8 Rf6 41. Rxa5 Ne6 $5 42. Qh8+ Kg6 43.
Ra8 Rh7 44. Qe8+ Kg5 45. Qg8+ Rg7 46. Ne4+ Kh4 $19) 40... Re8 41. Qf7 $8 Rg6
42. Rxa5 Rg1+ 43. Kc2 Qxe2 44. Nxd4 (44. Ra6+ Kh7 45. Qd5 Qd1+ 46. Kd3 Re1 47.
c5 Qc1 $1 $19 48. Nc4 Qb1+ 49. Kd2 Qd1#) 44... exd4 45. Qf6+ Kh7 46. Qxd4 Qe3 (
46... Qd1+ 47. Kd3 Rg2 48. Qf4 Qc1 $1 $19) 0-1

[Event "Clichy"]
[Site "Clichy"]
[Date "2001.07.03"]
[Round "9"]
[White "Conquest, Stuart"]
[Black "Degraeve, Jean Marc"]
[Result "1-0"]
[WhiteElo "2563"]
[BlackElo "2589"]
[Annotator "Stohl,I"]
[PlyCount "43"]
[EventDate "2001.06.25"]
[EventType "tourn"]
[EventRounds "9"]
[EventCountry "FRA"]
[EventCategory "14"]
[SourceTitle "CBM 085"]
[Source "ChessBase"]
[SourceDate "2001.11.13"]
[SourceVersion "1"]
[SourceVersionDate "2001.11.13"]
[SourceQuality "1"]

1. d4 Nf6 2. Nf3 c5 3. d5 b5 4. c4 Bb7 ({The immediate} 4... g6 {is more
typical.}) 5. Qc2 bxc4 6. e4 g6 (6... e6 7. Bxc4 (7. Bg5 $5 h6 8. Bxf6 gxf6 $2
9. Bxc4 Bd6 10. O-O Ba6 11. Na3 Rg8 12. Rad1 Bxc4 13. Nxc4 Bf4 14. e5 f5 15.
Nd6+ Kf8 16. Qxc5 $18 {Cramling,P-Fernandez Romero,E/Malaga op/2001/}) 7...
exd5 8. exd5 Be7 9. Nc3 d6 10. O-O Nbd7 11. a4 Nb6 12. Bb5+ Kf8 13. Bc6 Bxc6
14. dxc6 Qc8 15. b4 Qxc6 16. b5 Qb7 17. Rd1 h5 18. a5 Nc8 19. Bg5 $44 {
Tkachiev,V-Conquest,S/EU-ch Ohrid/2001/}) 7. Bxc4 Bg7 8. Nc3 O-O $2 {A
careless move. Black not only castles prematurely, but ignores (even provokes)
White's impending central expansion.} ({Necessary was} 8... d6 9. O-O O-O 10.
Re1 (10. h3 Ba6 11. Bxa6 Nxa6 12. Bf4 Nd7 13. Rad1 Qa5 14. Rfe1 Rab8 15. a3 Rb7
16. e5 dxe5 17. Nxe5 Nxe5 18. Bxe5 Rd8 $14 {1/2,Schiffer,K-Vogelmann,P/NRW-chT
9192/1992/}) (10. Bg5 Nbd7 11. Rfe1 Ng4 12. Nd2 Nb6 13. Bf1 Nf6 14. Nc4 Ba6 15.
Nd2 Bxf1 16. Rxf1 Rb8 17. Rab1 Ng4 18. Nf3 Nc4 19. h3 Nge5 20. Nxe5 Bxe5 21.
Bh6 Re8 22. Nd1 Nb6 $11 {Nestorow,M-Abrahamian,T/WChW U12/2000/}) 10... Nbd7
11. h3 Nb6 12. Bf1 Nfd7 13. Bg5 Re8 14. Rad1 Qc8 15. g3 Ba6 16. Bg2 Qb7 17. Bc1
c4 18. Be3 Rac8 19. Bd4 $14 {Rioseco,F-Schmidlin,E/Vina del Mar/1998/}) 9. e5
$1 Ne8 (9... Ng4 10. Qe4 Nh6 11. h4 $40 {[%csl Gd5,Ge5][%cal Rh4h5] [+]}) 10.
h4 $1 {[%mdl 128] Two energetic moves and White has a roaring attack.} d6 (
10... h5 11. Bg5 $16 (11. g4 $5 hxg4 12. h5 $40)) 11. h5 dxe5 12. hxg6 hxg6 (
12... fxg6 $2 13. d6+ Kh8 14. Qxg6 $18) 13. Qe4 Nd6 $6 (13... Nf6 $142 14. Qh4
Nbd7 15. Ng5 $1 $40 (15. Bh6 Nh5 16. g4 (16. Bxg7 $6 Kxg7 17. g4 Rh8 $1 $15) (
16. Qg5 Bf6 17. Qg4 Bg7 $5 {/\} 18. Rxh5 Nf6 $17) 16... Bxh6 17. gxh5 g5 18.
Nxg5 $16)) 14. Qh4 f6 $8 (14... f5 $2 15. Qh7+ Kf7 16. Nxe5+ Kf6 17. Bf4 $18) (
14... Re8 15. Qh7+ Kf8 16. Bh6 $18) 15. Bd3 e4 (15... Rf7 16. Qh7+ Kf8 17. Qh8+
Bxh8 18. Rxh8+ Kg7 19. Rxd8 $18) (15... Kf7 $2 16. Bxg6+ $1 Kxg6 17. Qh5#) (
15... Nf5 16. Qh7+ (16. Bxf5 gxf5 17. Bh6 $18) 16... Kf7 17. Rh6 $1 $18) 16.
Nxe4 Nf5 (16... Kf7 17. Neg5+ $1 {Most of White's forces are taking part in
hunting down the unhappy black K. It's fun to attack and sacrifice in such
positions} (17. Nxd6+ exd6 18. Bxg6+ Ke7 19. Qe4+ Kd7 20. Rh7 $18) 17... fxg5 (
17... Ke8 18. Ne6 $18) 18. Bxg6+ Kxg6 19. Qh5+ Kf5 (19... Kf6 20. Bxg5+ Kf5 21.
Qh7+ Kg4 22. Rh4#) 20. Qxg5+ Ke4 21. Rh4+ Rf4 22. Rxf4+ Kd3 23. Qg6+ $18) 17.
Qh7+ Kf7 18. Neg5+ $1 fxg5 {Now White mates by force.} (18... Ke8 19. Bb5+ $18
(19. Qxg6+ $18)) 19. Ne5+ Kf6 20. Qxg6+ Kxe5 21. Qe6+ Kd4 22. Qe4# 1-0

[Event "Goodricke op 12th"]
[Site "Kolkata"]
[Date "2001.02.13"]
[Round "8"]
[White "Vladimirov, Yevgeniy"]
[Black "Mikhalevski, Victor"]
[Result "1-0"]
[WhiteElo "2612"]
[BlackElo "2500"]
[Annotator "Tyomkin,D"]
[PlyCount "55"]
[EventDate "2001.02.06"]
[EventType "swiss"]
[EventRounds "11"]
[EventCountry "IND"]
[SourceTitle "CBM 082"]
[Source "ChessBase"]
[SourceDate "2001.05.17"]
[SourceVersion "1"]
[SourceVersionDate "2001.05.17"]
[SourceQuality "1"]

1. d4 Nf6 2. c4 c5 3. d5 b5 4. cxb5 a6 5. b6 e6 6. Nc3 Nxd5 7. Nxd5 exd5 8.
Qxd5 Nc6 9. Nf3 Rb8 10. Bd2 (10. e4 Be7 11. Bc4 O-O 12. Bd2 {-leads to the
same.} (12. O-O {is a main continuation here.})) 10... Be7 11. Bc3 O-O 12. e4
Rxb6 13. Bc4 Nb4 (13... d6 {is another way for black here.}) 14. Qd2 Bb7 15. a3
$146 {Previously played 15.0-0-0 led to whites advantage in two games, but
probably black could play better there:} (15. O-O-O $5 Bxe4 (15... d6 16. Qf4
a5 17. Kb1 Qa8 18. Rhe1 $14 {1-0 Roos,M-Lazarev,V/Arco ITA 2000/The Week in
Chess 314 (25)}) 16. Qxd7 Qxd7 $6 (16... Bxf3 17. gxf3 $14) (16... Bg5+ $142
17. Nxg5 Qxg5+ $132) 17. Rxd7 Bf6 18. Re1 Bg6 19. Ne5 $16 {1-0 Krush,
I-Gunnarsson,J/Torshavn FAI 2000/The Week in Chess 310 (30)}) 15... d5 {
In spirit of Benko gambit.} (15... Nc6 16. O-O-O $5 $14) 16. exd5 Nxd5 (16...
Bxd5 $5 17. Bxd5 Nxd5 18. Be5 (18. O-O Nxc3 $15 {[%csl Ye7][%cal Ge7f6] Bishop
e7 gonna be very strong here.}) 18... f6 19. Bg3 Re6+ 20. Kf1 Qd7 {and black
looks better.}) 17. Be5 Rg6 $6 {Strange idea. This is clear, that white is
going to castle to the queenside here. By 17...f6 black could reach a good
play.} (17... f6 18. Bg3 (18. O-O-O fxe5 19. Bxd5+ Qxd5 20. Qxd5+ Bxd5 21. Rxd5
e4 {[%csl Rb2,Rf2]}) 18... Re6+ 19. Kf1 (19. Be2 f5 $1 {[%cal Rf5f4]} 20. h3
Re8 21. O-O Bg5 $3 $17) 19... Qd7 $15 {[%cal Gf8d8]}) 18. O-O-O Nb6 (18... Nf6
19. Qxd8 Rxd8 20. Rxd8+ Bxd8 21. Rd1 Be7 22. Bg3 {[%csl Rg6][%cal Gf3e5] The
ending is clearly better for white: Ne5 is a strong threat, also the black
rook is trapped on g6.}) {[%tqu "En","","","","c4f7","",10]} 19. Bxf7+ $3 {
[%mdl 64]} Kxf7 $6 {Black accepts the sacrifice, but it leads to the killing
attack of white.} (19... Rxf7 20. Qxd8+ Bxd8 21. Rxd8+ Rf8 22. Rxf8+ Kxf8 23.
Nh4 $16 {Black can survive for a while in this ending.}) 20. Qf4+ {[%cal Yd1d8]
} Ke6 {[%csl Rf4]} (20... Kg8 21. Rxd8 Bxd8 22. Qe3 Re8 $1 (22... Rxg2 23. Bd6
$1 $18) 23. Re1 Rxg2 {The material here is bishop+rook for queen of white, but
black can create some complications here.}) {[%tqu "En","","","","e5f6","",10]}
21. Bf6 $3 {[%cal Gh1e1,Gf4e3][%mdl 64] White had to see this move, while
playing 19.Bxf7.} gxf6 $2 {Out of all captures, black probably had chosen the
worst one.} (21... Rfxf6 22. Qe3+ Kf7 23. Rxd8 {[%cal Gf3e5]} Rxf3 24. gxf3
Bxd8 25. Re1 {Material here is:3light pieces for queen and pawn, and it gives
white the advantage.}) (21... Qxd1+ 22. Rxd1 Rfxf6 23. Qe3+ Kf7 24. Ne5+ Ke8
25. Nxg6 Rxg6 {The same as in the previous line the material balance is 3light
pieces for queen and pawn, and white is better also here.}) 22. Rhe1+ $18 Kf7
23. Ne5+ (23. Rxd8 Bxd8 24. Ne5+ {- as in the game.}) 23... Kg7 24. Nxg6 {
[%csl Rd8,Re7]} hxg6 25. Rxd8 Bxd8 26. Rd1 {[%cal Gf4b8,Rd1d8] After this move
black can not hold his position.} Bd5 27. Qd6 {[%cal Rd1d5]} Bb3 {[%tqu "En",
"Find the final blow.","","","d6f8","",10,"d6f8","",0]} 28. Qxf8+ $1 (28. Qxf8+
Kxf8 29. Rxd8+ Ke7 30. Rb8 {[%cal Rb8b3] White wins a piece, staying with
exchange and pawn up.}) 1-0

[Event "SVK-ch"]
[Site "Kaskady"]
[Date "2002.06.27"]
[Round "1"]
[White "Markos, Jan"]
[Black "Plachetka, Jan"]
[Result "1-0"]
[WhiteElo "2467"]
[BlackElo "2441"]
[Annotator "Stohl,I"]
[PlyCount "81"]
[EventDate "2002.06.27"]
[EventType "tourn"]
[EventRounds "11"]
[EventCountry "SVK"]
[EventCategory "12"]
[SourceTitle "CBM 090"]
[Source "ChessBase"]
[SourceDate "2002.09.20"]
[SourceVersion "1"]
[SourceVersionDate "2002.09.20"]
[SourceQuality "1"]

1. d4 Nf6 2. c4 c5 3. d5 b5 4. Nf3 bxc4 5. Nc3 d6 6. Nd2 $5 {A rare plan, more
usual is} (6. e4 Nbd7 (6... g6 7. Bxc4 Bg7 8. e5 dxe5 9. Nxe5 O-O 10. O-O $14)
7. Bxc4 g6 8. O-O Bg7 9. Re1 O-O 10. h3 Rb8 11. Rb1 Ng4 12. Qc2 Nge5 13. Nxe5
Nxe5 14. Bf1 c4 15. Be3 Qa5 16. f4 Nd3 17. Bxd3 cxd3 18. Qxd3 Ba6 $44 {1/2,
Tkachiev,V-Nisipeanu,L/FRA-chT/2001/}) 6... Nbd7 7. e4 g6 8. Nxc4 {Although
White has occupied the important c4-square with his N, he has lost time and
Black is ready to launch the typical Benko Gambit <=>.} Bg7 (8... Nb6 9. e5 $5
dxe5 (9... Nxc4 10. exf6 Nb6 11. Bb5+ Bd7 12. O-O $5 $32) 10. Nxe5 a6 11. Be3
Qc7 12. Bf4 $1 $36 (12. Nc4 Bb7 13. d6 exd6 14. Bg5 {Olszewski,M-Szwed,J/
Laczna/2002/} Qe7+ $15)) 9. Be2 (9. Bd3 O-O 10. O-O Rb8 11. h3 Nb6 12. Na3 Nfd7
13. f4 Bb7 14. Qc2 e6 15. dxe6 fxe6 16. b3 c4 17. Nxc4 Nxc4 18. Bxc4 d5 19.
exd5 exd5 20. Bd3 Rc8 21. Bd2 d4 22. Bc4+ Rxc4 23. bxc4 dxc3 24. Bxc3 Qb6+ $13
{Ippolito,D-Gelman,C/Bloomington/1997/}) 9... Nb6 (9... O-O 10. O-O Ba6 (10...
Nb6 11. Bg5 Rb8 $6 (11... Nxc4 $142) 12. Ne3 $1 Bd7 13. a4 Qc7 14. f4 a5 15.
Kh1 h6 16. Bh4 {()} Na8 17. Nc4 g5 $2 18. fxg5 hxg5 19. Bxg5 Rb4 20. e5 $1 Ng4
21. Bxe7 Nxe5 22. Bxd6 Nxc4 23. Bxc7 Nxb2 24. Qd2 Nxc7 25. d6 Ne6 26. Nd5 {
1-0,Efimov,I-Sermek,D/Montecatini Terme/1999/}) 11. Bd2 Rb8 12. Qc2 Ne8 13.
Rab1 $14 {/=} Bxc4 $6 14. Bxc4 Nc7 15. a3 Nb6 16. Bd3 Qd7 17. Rbd1 c4 18. Be2
Nb5 19. Nxb5 Qxb5 20. Bc3 Rfc8 21. Bxg7 Kxg7 22. b4 a5 23. Rb1 $36 {Ekstroem,
R-Kurz,E/Geneve/1995/}) 10. Ne3 O-O 11. a4 Rb8 12. O-O (12. a5 Na8 $5 13. O-O
Nc7 {[%cal Yc7a6,Ya6b4,Ye7e6] /\Na6-b4,e6<=>[+],<->b}) 12... e6 (12... a5 $5
$13) 13. Qc2 (13. a5 Na8 14. Bc4 Nc7 15. Qd3 $14) 13... exd5 14. exd5 Re8 15.
Rd1 (15. a5 $142 Na8 16. Bd2 Nc7 $11) 15... Qe7 16. Bb5 (16. Bd2 $2 Nbxd5 $1
17. Ncxd5 Nxd5 $17) (16. a5 $5 $11) 16... Bd7 17. Bd2 (17. Bxd7 Nfxd7 18. a5
Nc4 $1 19. Ra4 (19. Nxc4 $4 Qe1+ 20. Rxe1 Rxe1#) 19... Nxe3 20. Bxe3 Bd4 $1 $36
) 17... Bxb5 $6 {Opening the <->a only gives White an object of attack.} (17...
Ne4 $1 18. Bxd7 Nxd7 $15) 18. axb5 {[%cal Ga1a7]} Qd7 (18... Qb7 $142 19. Qd3
Nfd7 $13 {/\} 20. Ra6 c4 $1 $36) 19. Ra6 Re5 (19... Rb7 $5 20. Rda1 Nh5 $132 (
20... Bh6 $5 $132)) 20. Qd3 (20. Rda1 Nfxd5 (20... Rb7 $5) 21. Nexd5 Nxd5 22.
Rxa7 Qe6 $11) 20... Ng4 (20... Bh6 $1 $13) 21. Rda1 Rb7 $6 {This P-sacrifice
is really means playing with fire, as the o^b5 will become White's main trump.
Despite some earlier inaccuracies the position stays more or less balanced
after} (21... Nxe3 22. Bxe3 Rb7 23. Bf4 Rf5 $132) 22. Nxg4 Qxg4 23. Rxa7 Rxa7 (
23... c4 $2 24. Ra8+ $1 Bf8 (24... Nxa8 25. Rxa8+ Bf8 26. Bh6 Re1+ 27. Qf1
Rxf1+ 28. Kxf1 $18) 25. Bh6 Nd7 26. Rxf8+ Nxf8 27. Ra8 $18) 24. Rxa7 h5 $1 (
24... Nxd5 $2 25. Ra8+ Bf8 26. Bh6 Re1+ 27. Qf1 $18) (24... c4 25. Qg3 $5 $14)
25. f4 {[%mdl 64]} (25. h3 Qc4 (25... Qd4 26. Qxd4 cxd4 27. Na4 $36 {[%csl Gb5]
o^b}) 26. Qxc4 Nxc4 27. Bf4 Rf5 28. Bg3 Bxc3 29. bxc3 Rxd5 30. Ra4 Rd1+ 31. Kh2
d5 $11 (31... Nd2 $11)) ({White goes for tactical complications instead of the
more circumspect} 25. Ra6 $142 $1 Nxd5 26. Rxd6 $14) 25... Re8 26. h3 Qh4 {
[%csl Rf4,Rg1,Rg3] <=>׻} 27. Kh2 (27. Ra1 $14) 27... Qf2 {[%cal Yg7c3,Yg7d4] /
\Bc3,Bd4} (27... Bd4 $142 $14) 28. Ne4 (28. Nd1 $5 Qd4 (28... Qe2 29. Qxe2 Rxe2
30. Ba5 {/\} Bh6 31. Bxb6 Bxf4+ 32. Kg1 Re1+ 33. Kf2 Rxd1 34. Bc7 Rd2+ 35. Kf3
g5 36. b6 $18) 29. Qxd4 cxd4 {[%cal Rb6d5,Ye8b8] /\Nd5,Rb8} 30. Ba5 Nxd5 31. b6
$16) 28... Rxe4 $8 29. Qxe4 Qxd2 30. Rb7 (30. Qe8+ Kh7 31. Qxf7 Qd4 32. Rb7 c4
$5 33. f5 Qe5+ $11) 30... Nxd5 (30... Qxd5 $2 31. Qe8+ Kh7 32. Rxb6 $18) 31.
Qe8+ Kh7 32. Qxf7 Qd4 33. b6 Nb4 34. Re7 (34. Rc7 $1 Na6 35. b7 $16 (35. Ra7 $5
)) 34... Nc6 35. b7 $2 $138 (35. Rc7 Nd8 36. Qf8 Ne6 $1 37. Rxg7+ Nxg7 38. b7
Nf5 39. b8=Q Qxf4+ $11) (35. Re6 $142 Qd3 36. b7 $16) 35... Nxe7 $1 36. b8=Q
Nf5 37. Qbg8+ Kh6 38. Qc4 Qxb2 $2 (38... Qf2 $1 39. Qe4 Ne3 40. Qxg7+ $11 (40.
Qf3 Nf1+ 41. Kh1 Qe1 $1 $19)) 39. Qd8 h4 $2 $138 (39... Qxg2+ 40. Kxg2 Ne3+ 41.
Kf3 Nxc4 42. Qg5+ Kh7 43. f5 $18) (39... Bf6 40. Qe8 Qf2 $16) 40. Qg5+ Kh7 41.
Qf7 {[%csl Rg6] ><g6} 1-0

[Event "Financial Concept op 6th"]
[Site "North Bay"]
[Date "1999.08.04"]
[Round "1"]
[White "Tyomkin, Dimitri"]
[Black "Hummel, Patrick"]
[Result "1-0"]
[WhiteElo "2495"]
[BlackElo "2330"]
[Annotator "Tyomkin,D"]
[PlyCount "77"]
[EventDate "1999.08.04"]
[EventType "swiss"]
[EventRounds "9"]
[EventCountry "CAN"]
[SourceTitle "EXT 2000"]
[Source "ChessBase"]
[SourceDate "1999.11.16"]
[SourceVersion "1"]
[SourceVersionDate "1999.11.16"]
[SourceQuality "1"]

1. d4 Nf6 2. c4 c5 3. d5 b5 4. Qc2 {Trying to confuse low-rated opponent by
rare variation} d6 5. e4 g6 6. Nf3 Bg7 7. Be2 O-O 8. O-O bxc4 9. Nfd2 $146 {
[%cal Gd2c4,Yb1c3]} (9. Nbd2 Nbd7 10. Nxc4 Nb6 11. Bg5 Bg4 12. Ne3 Bxf3 13.
Bxf3 Ne8 14. Rad1 Nc7 15. Be2 Qd7 16. b3 a5 17. a4 Na6 $11 {0-1 Meduna,
E-Hebden,M/Biel 1983 (44)}) 9... e6 $1 {Black choose the right way using
backwardness of white in development.} 10. Nxc4 (10. Nc3 $6 exd5 11. exd5 Bf5
$15) 10... exd5 11. exd5 Re8 {I guees that my opponent was afraided of
high-rated opponent and didn't want to riscue himself by 11...Nd5.Probably
that was the refutation of whites opening strategy. But after 11...Re8 white
gets wanted setup with Nc4 and Nc3.} (11... Nxd5 $142 12. Bf3 Nb4 13. Qd2 (13.
Qd1 d5 14. Nc3 (14. a3 Ba6 $1) 14... Ba6 15. Nxd5 Bxc4 16. Nxb4 Bxf1 17. Qxf1
Nd7 18. Bxa8 Qxa8 $15 {[%csl Ra1,Rc1,Gg7]}) 13... d5 14. Nc3 Ba6 (14... Bd4 15.
Ne3 N8c6 16. a3 $13) 15. Nxd5 Bxc4 16. Nxb4 Bxf1 17. Kxf1 Qxd2 18. Bxd2 Nd7 19.
Bxa8 cxb4 20. Bf3 a5 $11) 12. Nc3 Na6 13. a3 (13. Bf4 Nb4 14. Qd2 Ne4 $1) 13...
Nc7 14. Rd1 Ba6 15. Bf4 {[%csl Rd6] xd6} Bf8 16. b3 (16. b4 cxb4 17. axb4 Rc8
$132) 16... Rb8 17. Rab1 Nb5 18. Nxb5 Bxb5 19. Bf3 {[%cal Gc4e3]} Bd7 20. Ne3 (
20. Nxd6 Bxd6 21. Bxd6 Bf5 22. Qxc5 Rc8 23. Qb4 Bxb1 24. Rxb1 g5 $5 25. Bg3
Nxd5 26. Qg4 $44) 20... a5 21. g4 $5 {xf5} a4 $1 $132 22. bxa4 Ra8 $6 (22...
Qa5 $142 23. Rxb8 Rxb8 24. Nc4 Qa6 $1 {[%csl Ra4,Rg4] xg4,a4}) 23. Rdc1 Rxa4
24. Nc4 Ra6 25. h3 h5 26. Bg5 $1 {Finally I found some target in position of
black.} hxg4 27. hxg4 Be7 $2 {Black still doesn't feel a danger.} (27... Bg7
$142 28. Qd1 (28. Rb7 Qc8 29. Rb6 Rxb6 30. Nxb6 Qc7 $15) (28. Qd2 {[%cal Gd2f4]
/\Qf4} Qa8 $1 29. Bxf6 Bxf6 30. Qf4 Qd8 $1 (30... Be5 $15) 31. Nxd6 $140 g5 {
/\Be5}) (28. Re1 Rxe1+ 29. Rxe1 Qc8 $1 $15) 28... Qc7 $11 {[%cal Gf6e4] /\Ne4})
28. Re1 $1 {[%cal Rg5d8][%mdl 64] x/^ g5-d8} Nxg4 (28... Bxg4 29. Rxe7 (29.
Bxg4 Nxg4 30. Qe2 Bxg5 (30... Ne5 31. Nxe5 Bxg5 32. Qxa6 $16) 31. Qxe8+ Qxe8
32. Rxe8+ Kg7 33. Rb6 $1 $18 {[%csl Ga3]}) 29... Rxe7 (29... Qxe7 30. Bxg4 Qe4
31. Qxe4 Nxe4 (31... Rxe4 $2 32. Bxf6 $1 {[%csl Rg8]}) 32. Bd7 $16) 30. Bxf6
Bxf3 (30... Bf5 {[%tqu "En","","","","g1g2","",10]} 31. Kg2 $3 $18 {[%cal
Gb1h1,Gh1h8]}) 31. Qc3 $18) 29. Rxe7 $1 {[%mdl 64]} Rxe7 30. Bxe7 Qxe7 31. Bxg4
Bxg4 32. Rb8+ Kh7 33. Qb2 Kh6 $2 (33... f6 $142 {Missing last chance.} 34. Rb7
Bd7 35. Qc3 $1 {[%cal Gc4b6] /\Nb6} (35. Nb6 Rxb6 36. Rxb6 Qe4 37. Qb3 $1 Qg4+
38. Kf1 c4 39. Qe3 Qd1+ 40. Kg2 Qxd5+ 41. f3 $14) 35... Kg8 36. Nb6 Rxb6 37.
Rxb6 $16 {[%cal Gc3e3,Gc3g3] /\Qe3,/\Qg3}) 34. Rh8+ Kg5 35. Qd2+ Kf6 36. Qc3+
Kg5 37. Qd2+ Kf6 38. Qf4+ Bf5 39. Ne3 {[%cal Re3g4] /\Ng4} (39. Ne3 Qe4 40.
Ng4+ Ke7 41. Qg5+) 1-0